[Event "Fagernes op"]
[Site "Fagernes"]
[Date "2020.10.09"]
[Round "7"]
[White "Olsen, Geir Ove"]
[Black "Lie, Terje"]
[Result "0-1"]
[WhiteElo "1509"]
[BlackElo "1538"]
[PlyCount "114"]
[EventDate "2020.10.04"]
[EventType "swiss"]
[EventRounds "9"]
[EventCountry "NOR"]
[SourceTitle "EXT 2024"]
[Source "ChessBase"]
[SourceDate "2023.10.10"]
[SourceVersion "1"]
[SourceVersionDate "2023.10.10"]
[SourceQuality "1"]

1. e4 d6 2. d4 Nf6 3. Nc3 g6 4. Bf4 Bg7 5. Qd2 Nc6 6. 0-0-0 a6 7. Bh6 0-0 8. f3 e5 9. d5 Nd4 10. Nge2 Nb5 11. h4 Bd7 12. Bxg7 Kxg7 13. h5 Rh8 14. g4 Nxc3 15. Nxc3 b5 16. Bd3 b4 17. Nb1 a5 18. Rh2 Qb8 19. Rdh1 Qb6 20. h6+ Kf8 21. Qg5 Ne8 22. Kd2 Bb5 23. Bxb5 Qxb5 24. Qe3 a4 25. Rf2 Qc4 26. a3 Nf6 27. Qd3 Qc5 28. Rhf1 g5 29. Qe3 Rg8 30. Qxc5 dxc5 31. Kd3 Ke7 32. Kc4 Kd6 33. axb4 cxb4 34. Kxb4 Rgb8+ 35. Ka3 Nd7 36. Nd2 Nb6 37. Re2 Ra5 38. Rc1 Rc5 39. c4 Ra8 40. Re3 f6 41. Rec3 Nd7 42. Nf1 Rca5 43. Ne3 Kc5 44. Nf5 Rb8 45. Ng7 Nf8 46. Rd1 Ra6 47. Nf5 Nd7 48. Ng3 Rab6 49. Rd2 Rb3+ 50. Rxb3 Rxb3+ 51. Kxa4 Rxf3 52. Nf5 Nb6+ 53. Ka5 Nxc4+ 54. Ka6 Nxd2 55. Kb7 Nxe4 56. Ne7 Rb3+ 57. Kxc7 Rxb2 0-1

[Event "Fagernes op"]
[Site "Fagernes"]
[Date "2020.10.06"]
[Round "1"]
[White "Nesse, David"]
[Black "Lie, Terje"]
[Result "1-0"]
[WhiteElo "1836"]
[BlackElo "1538"]
[PlyCount "87"]
[EventDate "2020.10.04"]
[EventType "swiss"]
[EventRounds "9"]
[EventCountry "NOR"]
[SourceTitle "EXT 2024"]
[Source "ChessBase"]
[SourceDate "2023.10.10"]
[SourceVersion "1"]
[SourceVersionDate "2023.10.10"]
[SourceQuality "1"]

1. e4 d6 2. d4 Nf6 3. Nc3 g6 4. Be3 Bg7 5. h3 Nc6 6. f4 a6 7. Nf3 b5 8. a3 Bb7 9. Bd3 Na5 10. b3 Rc8 11. 0-0 c5 12. e5 Nd5 13. Nxd5 Bxd5 14. b4 c4 15. bxa5 cxd3 16. cxd3 Qxa5 17. exd6 exd6 18. Bd2 Qb6 19. Qe2+ Kd7 20. Kh1 Rce8 21. Be3 h5 22. Rac1 Rc8 23. Rxc8 Rxc8 24. f5 Re8 25. Qf2 Qb7 26. Ne1 Kc6 27. Nc2 a5 28. Qg3 b4 29. Rc1 Kd7 30. fxg6 fxg6 31. Qxg6 Bf8 32. Qf5+ Kd8 33. Qg6 b3 34. Bg5+ Be7 35. Qxd6+ Qd7 36. Bxe7+ Rxe7 37. Qb8+ Qc8 38. Qxc8+ Kxc8 39. Nb4+ Rc7 40. Rxc7+ Kxc7 41. Nxd5+ Kc6 42. Nc3 Kb6 43. g4 hxg4 44. h4 1-0

[Event "Straume Bronstein Cup A"]
[Site "Straume"]
[Date "2019.10.27"]
[Round "3"]
[White "Nordnes, Tor Gunnar"]
[Black "Lie, Terje"]
[Result "1-0"]
[WhiteElo "1755"]
[BlackElo "1578"]
[PlyCount "127"]
[EventDate "2019.10.27"]
[EventType "swiss (rapid)"]
[EventRounds "6"]
[EventCountry "NOR"]
[SourceTitle "EXT 2024"]
[Source "ChessBase"]
[SourceDate "2023.10.10"]
[SourceVersion "1"]
[SourceVersionDate "2023.10.10"]
[SourceQuality "1"]

1. d4 Nf6 2. Bf4 e6 3. e3 d5 4. Nd2 c5 5. c3 Nc6 6. Bd3 Bd6 7. Bg5 h6 8. Bh4 g5 9. Bg3 Bxg3 10. hxg3 cxd4 11. exd4 Bd7 12. Ngf3 Qe7 13. Nxg5 0-0-0 14. Ngf3 Rdg8 15. Bb5 Ne4 16. Bxc6 Bxc6 17. Nxe4 dxe4 18. Ne5 Be8 19. Qe2 f5 20. 0-0-0 Qc7 21. Kb1 Bc6 22. Qc4 Bd5 23. Qa4 Kb8 24. c4 Bc6 25. Qb3 Qb6 26. Qc3 Ba4 27. b3 Be8 28. d5 exd5 29. Rxd5 Rh7 30. Qd2 Bc6 31. c5 Qc7 32. Rd6 h5 33. Qb4 Kc8 34. Rhd1 e3 35. Qc4 Re8 36. Nxc6 bxc6 37. Qa6+ Kb8 38. fxe3 Qc8 39. Qa5 Qc7 40. Qb4+ Kc8 41. Qf4 Rf7 42. Qf3 Kb7 43. R1d4 a5 44. Ra4 Rd8 45. Rxd8 Qxd8 46. Rd4 Qc7 47. Qxh5 Qe7 48. Qf3 Qe5 49. g4 Qxc5 50. Rf4 Rh7 51. Rc4 Rh1+ 52. Kb2 Qe5+ 53. Ka3 Qd5 54. Qxf5 Qxg2 55. Qxa5 Qd5 56. Rb4+ Kc8 57. Qa8+ Kd7 58. Rd4 Ke6 59. Rxd5 cxd5 60. e4 d4 61. Qd5+ Ke7 62. Qxd4 Rf1 63. Qc5+ Kf6 64. Qf8+ 1-0

[Event "NOR-ch West A"]
[Site "Sandsli"]
[Date "2019.06.15"]
[Round "2"]
[White "Lura, Njal"]
[Black "Lie, Terje"]
[Result "1/2-1/2"]
[WhiteElo "1642"]
[BlackElo "1530"]
[PlyCount "131"]
[EventDate "2019.06.14"]
[EventType "swiss"]
[EventRounds "5"]
[EventCountry "NOR"]
[SourceTitle "EXT 2024"]
[Source "ChessBase"]
[SourceDate "2023.10.10"]
[SourceVersion "1"]
[SourceVersionDate "2023.10.10"]
[SourceQuality "1"]

1. c4 Nf6 2. g3 Nc6 3. Bg2 e6 4. Nc3 Be7 5. d3 0-0 6. e4 e5 7. Nge2 d6 8. 0-0 Bd7 9. h3 Qc8 10. Kh2 Nd4 11. Nxd4 exd4 12. Ne2 c5 13. f4 Bc6 14. a3 a6 15. f5 Nd7 16. Ng1 Ne5 17. Nf3 f6 18. Nxe5 dxe5 19. h4 b5 20. b3 bxc4 21. bxc4 Rb8 22. Bd2 Qc7 23. Qc2 Rb7 24. Rab1 Rfb8 25. Rxb7 Rxb7 26. Rb1 Rxb1 27. Qxb1 Bd8 28. Bf3 Qb6 29. Qxb6 Bxb6 30. Bd1 Bd8 31. g4 g6 32. Kg3 Be8 33. g5 Kf7 34. Kg4 Bd7 35. Bf3 fxg5 36. Bxg5 h5+ 37. Kg3 Ba5 38. fxg6+ Kxg6 39. Be7 Be1+ 40. Kg2 Bg4 41. Bxg4 hxg4 42. h5+ Kxh5 43. Bxc5 Kg5 44. Bd6 Kf4 45. c5 Ke3 46. c6 Ba5 47. c7 Bxc7 48. Bxc7 Kxd3 49. Bxe5 Kxe4 50. Bc7 d3 51. Kf2 Kd4 52. Ke1 Kc3 53. Kd1 d2 54. Bd6 Kd3 55. Bf4 Ke4 56. Bxd2 g3 57. Ba5 Kd3 58. Kc1 g2 59. Bb6 Kc3 60. a4 Kd3 61. Kb2 Kc4 62. Ka3 Kc3 63. a5 Kc4 64. Ka4 Kc3 65. Bf2 Kc4 66. Bg1 1/2-1/2

[Event "London Classic op 10th"]
[Site "London"]
[Date "2018.12.11"]
[Round "3"]
[White "Wei, Naomi"]
[Black "Lie, Terje"]
[Result "1-0"]
[WhiteElo "1812"]
[BlackElo "1532"]
[PlyCount "83"]
[EventDate "2018.12.09"]
[EventType "swiss"]
[EventRounds "9"]
[EventCountry "ENG"]
[SourceTitle "CBM 187 Extra"]
[Source "ChessBase"]
[SourceDate "2018.11.04"]
[SourceVersion "1"]
[SourceVersionDate "2018.11.04"]
[SourceQuality "1"]

1. d4 Nf6 2. c4 e6 3. Nc3 Bb4 4. e3 0-0 5. Bd3 c6 6. Nge2 d5 7. a3 Ba5 8. 0-0 dxc4 9. Bxc4 Nd5 10. e4 Nxc3 11. bxc3 Nd7 12. Qc2 e5 13. Rd1 Qe7 14. Ng3 Bc7 15. a4 Nb6 16. Bb3 Be6 17. d5 cxd5 18. exd5 Bc8 19. a5 Nd7 20. d6 Bxd6 21. Nf5 Qd8 22. Nxd6 Qc7 23. Be3 Nf6 24. Qa2 Bg4 25. f3 Bh5 26. Rac1 b6 27. a6 Nd7 28. Ne4 Bg6 29. Ba4 Nc5 30. Nxc5 bxc5 31. Rd5 Rfd8 32. Rxc5 Qd6 33. Bb5 h6 34. Rc6 Qe7 35. Rxg6 Rab8 36. Bc4 Kh7 37. Rc6 f6 38. Qc2+ Kh8 39. Qg6 Qd7 40. Bxh6 Rb2 41. Rd6 Rd2 42. Rxd2 1-0

[Event "EU-ch Seniors 65 18th"]
[Site "Drammen"]
[Date "2018.08.08"]
[Round "5"]
[White "Lie, Terje"]
[Black "Lerstad, Bjorn"]
[Result "1/2-1/2"]
[WhiteElo "1502"]
[BlackElo "1916"]
[PlyCount "46"]
[EventDate "2018.08.04"]
[EventType "swiss"]
[EventRounds "9"]
[EventCountry "NOR"]
[SourceTitle "CBM 186 Extra"]
[Source "ChessBase"]
[SourceDate "2018.08.24"]
[SourceVersion "1"]
[SourceVersionDate "2018.08.24"]
[SourceQuality "1"]

1. d4 Nf6 2. c4 c5 3. d5 e6 4. dxe6 fxe6 5. Bg5 Be7 6. Nf3 Nc6 7. e3 0-0 8. Be2 d6 9. Nc3 a6 10. 0-0 Qc7 11. a3 b6 12. Qc2 Bb7 13. Rfd1 Rad8 14. Bd3 h6 15. Bh4 Ng4 16. Bg3 Nce5 17. Nxe5 Nxe5 18. Be2 Qc6 19. e4 Qe8 20. Bxe5 dxe5 21. Rxd8 Bxd8 22. Rd1 Bc6 23. Qd3 Bc7 1/2-1/2

[Event "Oslo Sveins op 11th"]
[Site "Oslo"]
[Date "2018.06.22"]
[Round "1"]
[White "Fossan, Aleksander"]
[Black "Lie, Terje"]
[Result "1-0"]
[WhiteElo "2139"]
[BlackElo "1461"]
[PlyCount "97"]
[EventDate "2018.06.22"]
[EventType "swiss"]
[EventRounds "9"]
[EventCountry "NOR"]
[SourceTitle "CBM 185 Extra"]
[Source "ChessBase"]
[SourceDate "2018.07.29"]
[SourceVersion "1"]
[SourceVersionDate "2018.07.29"]
[SourceQuality "1"]

1. e4 d6 2. d4 Nf6 3. Nc3 g6 4. Be3 Bg7 5. f3 Nc6 6. Qd2 e5 7. Nge2 b6 8. 0-0-0 a5 9. Bh6 0-0 10. d5 Nb4 11. h4 Ba6 12. g4 Nd7 13. a3 Bxe2 14. Bxe2 Na6 15. h5 Bxh6 16. Qxh6 Qf6 17. hxg6 Qxg6 18. Bxa6 Rxa6 19. Rh5 Qxh6+ 20. Rxh6 Kg7 21. Rdh1 Rh8 22. Nb5 a4 23. Nxc7 Ra5 24. Rxd6 Rd8 25. Rh5 Rc5 26. Na6 Rcc8 27. Nb4 Rc7 28. Nc6 Re8 29. Rdh6 Nf6 30. Rh2 Rh8 31. g5 Ng8 32. R6h3 Ne7 33. Nxe5 Ng6 34. Nxg6 fxg6 35. d6 Rf7 36. e5 Rf5 37. d7 h5 38. gxh6+ Kh7 39. Rd2 Rd8 40. e6 Re5 41. Rd6 b5 42. Rc6 Rd5 43. c4 bxc4 44. e7 R8xd7 45. e8Q Rd1+ 46. Kc2 R7d2+ 47. Kc3 Rd3+ 48. Kb4 Rb3+ 49. Kxa4 1-0

[Event "London Classic op"]
[Site "London"]
[Date "2017.12.02"]
[Round "1"]
[White "Marusenko, Petr"]
[Black "Lie, Terje"]
[Result "1-0"]
[WhiteElo "2145"]
[BlackElo "1527"]
[PlyCount "69"]
[EventDate "2017.12.02"]
[EventType "swiss"]
[EventRounds "9"]
[EventCountry "ENG"]
[SourceTitle "CBM 182 Extra"]
[Source "ChessBase"]
[SourceDate "2018.02.23"]
[SourceVersion "1"]
[SourceVersionDate "2018.02.23"]
[SourceQuality "1"]

1. d4 Nf6 2. c4 e6 3. Nc3 Bb4 4. e3 0-0 5. Bd3 d5 6. Nf3 Bxc3+ 7. bxc3 Nbd7 8. 0-0 c6 9. cxd5 exd5 10. c4 Re8 11. cxd5 Nxd5 12. e4 Nc3 13. Qc2 Nb5 14. Bb2 Nf8 15. a4 Nc7 16. Rac1 Nce6 17. Qd2 Ng6 18. g3 Nef8 19. Ne1 Bh3 20. Ng2 Ne6 21. Qe3 Qb6 22. Bc3 Rad8 23. a5 Qc7 24. d5 cxd5 25. Bxg7 Qxa5 26. Bf6 d4 27. Qh6 Bxg2 28. Kxg2 Qa3 29. Bb5 Qf8 30. Qd2 Ne7 31. Bxe8 Qxe8 32. f4 Rc8 33. Rxc8 Nxc8 34. f5 Nc5 35. Qg5+ 1-0

[Event "Bergen Sommer op"]
[Site "Bergen"]
[Date "2017.07.29"]
[Round "3"]
[White "Dyrhovden, Sigve"]
[Black "Lie, Terje"]
[Result "0-1"]
[WhiteElo "1850"]
[BlackElo "1526"]
[PlyCount "36"]
[EventDate "2017.07.28"]
[EventType "swiss"]
[EventRounds "5"]
[EventCountry "NOR"]
[SourceTitle "CBM 179 Extra"]
[Source "ChessBase"]
[SourceDate "2017.08.23"]
[SourceVersion "1"]
[SourceVersionDate "2017.08.23"]
[SourceQuality "1"]

1. d4 Nf6 2. Nf3 e6 3. c4 Nc6 4. Nc3 Bb4 5. Qc2 0-0 6. a3 Bxc3+ 7. Qxc3 d5 8. e3 Ne4 9. Qc2 f5 10. Bd3 b6 11. cxd5 Ne7 12. dxe6 Bxe6 13. 0-0 Rc8 14. Ba6 Rb8 15. Bc4 Bd5 16. Bxd5+ Qxd5 17. Qxc7 Rb7 18. Qf4 Ng6 0-1

[Event "Alesund Grand Prix A"]
[Site "Alesund"]
[Date "2017.03.31"]
[Round "1"]
[White "Skrede, Per Arne"]
[Black "Lie, Terje"]
[Result "1-0"]
[WhiteElo "1707"]
[BlackElo "1437"]
[PlyCount "157"]
[EventDate "2017.03.31"]
[EventType "swiss (rapid)"]
[EventRounds "6"]
[EventCountry "NOR"]
[SourceTitle "EXT 2024"]
[Source "ChessBase"]
[SourceDate "2023.10.10"]
[SourceVersion "1"]
[SourceVersionDate "2023.10.10"]
[SourceQuality "1"]

1. e4 g6 2. d4 d6 3. Nf3 Nf6 4. Nc3 Bg7 5. Be3 Bg4 6. h3 Bxf3 7. Qxf3 0-0 8. Bc4 Nc6 9. a3 a6 10. Ba2 Nd7 11. 0-0-0 e5 12. dxe5 Ndxe5 13. Qe2 Kh8 14. f4 Nd7 15. Qd2 f6 16. g4 Qe8 17. h4 Nc5 18. h5 Nxe4 19. Nxe4 Qxe4 20. h6 Rae8 21. hxg7+ Kxg7 22. Rh3 Re7 23. Rdh1 Rh8 24. Bf2 Qg2 25. g5 fxg5 26. Bd4+ Nxd4 27. Qxg2 Ne2+ 28. Kb1 Nxf4 29. Qd2 Nxh3 30. Rxh3 Rhe8 31. b3 Re1+ 32. Kb2 R1e2 33. Qd4+ R2e5 34. Re3 h5 35. b4 b6 36. Bd5 Kh6 37. Rxe5 Rxe5 38. Bc6 g4 39. a4 g3 40. Qf4+ Rg5 41. Qf8+ Kh7 42. Bg2 h4 43. Qf7+ Kh6 44. Qxc7 b5 45. axb5 axb5 46. Qxd6 h3 47. Bxh3 g2 48. Bxg2 Rxg2 49. Qf4+ Rg5 50. Qf8+ Kh5 51. Qh8+ Kg4 52. Qh2 Kf5 53. Qe2 Kf6 54. Kb3 Rg3+ 55. c3 Rg5 56. Qf3+ Kg7 57. c4 bxc4+ 58. Kxc4 Rf5 59. Qb7+ Kh6 60. b5 Rf4+ 61. Kd3 Rf5 62. Qh1+ Kg7 63. b6 Rb5 64. b7 Rb3+ 65. Kc4 Rb6 66. Qd5 Kh6 67. Kc5 Rb1 68. Kc6 g5 69. Qd6+ Kh5 70. b8Q Rxb8 71. Qxb8 Kh4 72. Qd8 Kg4 73. Kd5 Kf4 74. Qf6+ Kg4 75. Ke4 Kh5 76. Kf5 Kh4 77. Qxg5+ Kh3 78. Kf4 Kh2 79. Kf3 1-0

[Event "London Classic op 8th"]
[Site "London"]
[Date "2016.12.10"]
[Round "2"]
[White "Lie, Terje"]
[Black "Hebbes, Tim"]
[Result "0-1"]
[WhiteElo "1563"]
[BlackElo "2113"]
[PlyCount "62"]
[EventDate "2016.12.09"]
[EventType "swiss"]
[EventRounds "9"]
[EventCountry "ENG"]
[SourceTitle "CBM 176 Extra"]
[Source "ChessBase"]
[SourceDate "2017.03.02"]
[SourceVersion "1"]
[SourceVersionDate "2017.03.02"]
[SourceQuality "1"]

1. d4 Nf6 2. c4 e6 3. Nf3 Be7 4. Nc3 d5 5. e3 0-0 6. a3 b6 7. b4 a5 8. b5 Bb7 9. a4 Bb4 10. Bd2 Qe7 11. Be2 dxc4 12. Bxc4 c5 13. 0-0 cxd4 14. Nxd4 e5 15. Nde2 Nbd7 16. Na2 Bc5 17. Ng3 Rac8 18. Be2 Rfd8 19. Qb1 Nf8 20. Rd1 Ng6 21. Be1 Rxd1 22. Qxd1 Nh4 23. Bf1 Qe6 24. h3 Be7 25. Nc3 h6 26. f3 Ng6 27. Qb1 Bc5 28. Kf2 Nd5 29. Nxd5 Qxd5 30. Ne4 Bxe3+ 31. Kxe3 Qd4+ 0-1